[Event "AUTO-ELITE-10"]
[Site "http://www.queenalice.com/game.php?id=33879"]
[Date "2005.10.19"]
[Round "1"]
[White "tbotoi"]
[Black "cro_kramnik"]
[Result "0-1"]
[WhiteElo "1895"]
[BlackElo "2040"]

1. e4 d6 2. c4 Nf6 3. Nc3 g6 4. d4 Bg7 5. Nf3 O-O 6. Be2 e5 7. O-O Nc6 8. d5 Ne7
9. Ne1 Nd7 10. Be3 f5 11. f3 f4 12. Bf2 g5 13. b4 Nf6 14. c5 Ng6 15. cxd6 cxd6
16. Rc1 Rf7 17. Nb5 a6 18. Nc3 Bd7 19. a4 h5 20. a5 Rc8 21. Bb6 Qe8 22. Nd3 g4
23. Qb3 h4 24. Nb2 h3 25. fxg4 hxg2 26. Kxg2 f3+ 27. Bxf3 Nh4+ 28. Kg3 Nxf3 29.
Rxf3 Nh5+ 30. Kg2 Rxf3 31. Kxf3 Qf7+ 32. Kg2 Bxg4 33. Na2 Rf8 0-1

[Event "AUTO-ELITE-10"]
[Site "http://www.queenalice.com/game.php?id=33880"]
[Date "2005.10.19"]
[Round "1"]
[White "cro_kramnik"]
[Black "tbotoi"]
[Result "1-0"]
[WhiteElo "2003"]
[BlackElo "1924"]

1. Nf3 Nf6 2. g3 g6 3. Bg2 Bg7 4. O-O O-O 5. d3 d6 6. e4 e5 7. Nbd2 Nc6 8. Nc4
Be6 9. Ng5 Bxc4 10. dxc4 Nd7 11. c3 h6 12. Nh3 f5 13. exf5 gxf5 14. Bd5+ Kh8 15.
Ng5 Qf6 16. Ne6 Rfc8 17. Qh5 Nf8 18. Nxg7 Kxg7 19. Bxh6+ 1-0

[Event "AUTO-ELITE-10"]
[Site "http://www.queenalice.com/game.php?id=33881"]
[Date "2005.10.19"]
[Round "1"]
[White "tbotoi"]
[Black "Nemesis"]
[Result "0-1"]
[WhiteElo "1879"]
[BlackElo "2205"]

1. e4 c5 2. Nf3 Nc6 3. d4 cxd4 4. Nxd4 Qc7 5. Nc3 e6 6. Be3 a6 7. f3 Nf6 8. Qd2
b5 9. g4 h6 10. h4 Nxd4 11. Bxd4 Bb7 12. O-O-O e5 13. Be3 b4 14. Na4 d5 15. exd5
Nxd5 16. Nb6 Nxb6 17. Bxb6 Qc6 18. Qe3 Bd6 19. Bg2 Rc8 20. Rd2 O-O 21. g5 Bc5
22. Bxc5 Qxc5 0-1

[Event "AUTO-ELITE-10"]
[Site "http://www.queenalice.com/game.php?id=33882"]
[Date "2005.10.19"]
[Round "1"]
[White "Nemesis"]
[Black "tbotoi"]
[Result "1-0"]
[WhiteElo "2185"]
[BlackElo "1906"]

1. Nf3 Nf6 2. c4 g6 3. Nc3 Bg7 4. e4 d6 5. d4 O-O 6. Be2 e5 7. Be3 Ng4 8. Bg5 f6
9. Bh4 Qd7 10. Bg3 exd4 11. Nxd4 Nc6 12. c5 dxc5 13. Nxc6 Qxd1+ 14. Rxd1 bxc6
15. Bc4+ Kh8 16. h3 Ne5 17. Bxe5 fxe5 18. Na4 Rb8 19. b3 1-0

[Event "AUTO-ELITE-10"]
[Site "http://www.queenalice.com/game.php?id=33883"]
[Date "2005.10.19"]
[Round "1"]
[White "tbotoi"]
[Black "Mieke"]
[Result "0-1"]
[WhiteElo "1923"]
[BlackElo "2175"]

1. e4 c5 2. Nf3 e6 3. d4 cxd4 4. Nxd4 a6 5. Nc3 Qc7 6. Be3 Bb4 7. Qd2 Nf6 8. f3
d5 9. a3 Bxc3 10. bxc3 dxe4 11. Be2 O-O 12. Bg5 e5 13. Bxf6 gxf6 14. Nb3 exf3
15. Bxf3 Rd8 16. Qe3 Bf5 17. O-O Bg6 18. Bg4 Bxc2 19. Nc5 Qb6 20. Qf2 Bg6 21.
Na4 Qxf2+ 22. Rxf2 Rd6 0-1

[Event "AUTO-ELITE-10"]
[Site "http://www.queenalice.com/game.php?id=33884"]
[Date "2005.10.19"]
[Round "1"]
[White "Mieke"]
[Black "tbotoi"]
[Result "1-0"]
[WhiteElo "2179"]
[BlackElo "1917"]

1. d4 d5 2. Nf3 Nf6 3. c4 c6 4. Nc3 e6 5. e3 Be7 6. Bd3 O-O 7. O-O b6 8. e4 dxe4
9. Nxe4 Nbd7 10. Qc2 c5 11. dxc5 Bxc5 12. Rd1 Qc7 13. Bg5 Nxe4 14. Bxe4 Bb7 15.
Bxb7 Qxb7 16. b4 f6 17. bxc5 fxg5 18. Nxg5 Nf6 19. cxb6 Qxb6 20. c5 Qb7 21. Nxe6
Rfc8 22. Rab1 Qe7 23. Re1 Qd7 24. Re2 1-0

[Event "Brunoy - Ronde 1"]
[Site "http://www.queenalice.com/game.php?id=34477"]
[Date "2005.10.22"]
[Round "-"]
[White "nugoto"]
[Black "tbotoi"]
[Result "0-1"]
[WhiteElo "1299"]
[BlackElo "1921"]

1. d4 d5 2. Nc3 Nf6 3. e3 e6 4. Bb5+ Bd7 5. Bxd7+ Nbxd7 6. Qe2 c5 7. dxc5 Bxc5
8. Qb5 Qb6 9. a4 Qxb5 10. Nxb5 O-O 11. Nc7 Rac8 12. Nb5 a6 13. Nc3 Bb4 14. Bd2
Bxc3 15. Bxc3 Ne4 16. Bb4 Rxc2 17. Rb1 Rfc8 18. f3 Nf2 19. Nh3 Nxh1 20. Kf1 Rc1+
21. Rxc1 Rxc1+ 0-1

[Event "Insuline vs Sucre"]
[Site "http://www.queenalice.com/game.php?id=34990"]
[Date "2005.10.26"]
[Round "-"]
[White "tbotoi"]
[Black "Katasstrov"]
[Result "1-0"]
[WhiteElo "1916"]
[BlackElo "1706"]

1. e4 e5 2. Nf3 Nc6 3. Bc4 Nf6 4. d3 Bc5 5. Be3 Bxe3 6. fxe3 Ng4 7. Qe2 d6 8.
O-O Na5 9. Bxf7+ Kxf7 10. Nxe5+ Kg8 11. Nxg4 Qg5 12. Qf3 h6 13. Qf7+ 1-0

[Event "Challenge"]
[Site "http://www.queenalice.com/game.php?id=35006"]
[Date "2005.10.26"]
[Round "-"]
[White "DeepFalcon"]
[Black "tbotoi"]
[Result "1-0"]
[WhiteElo "1854"]
[BlackElo "1911"]

1. Nf3 Nf6 2. d4 g6 3. c4 Bg7 4. Nc3 O-O 5. e4 d6 6. Be2 e5 7. O-O Nc6 8. d5 Ne7
9. Ne1 Nd7 10. Be3 f5 11. f3 f4 12. Bf2 g5 13. a4 a5 14. Nd3 h5 15. c5 Nf6 16.
Rc1 g4 17. cxd6 cxd6 18. Nb5 Rb8 19. Qb3 h4 20. Nxd6 Qxd6 21. Bc5 Qd7 22. Nxe5
1-0

[Event "Challenge"]
[Site "http://www.queenalice.com/game.php?id=35007"]
[Date "2005.10.26"]
[Round "-"]
[White "tbotoi"]
[Black "DeepFalcon"]
[Result "1-0"]
[WhiteElo "1885"]
[BlackElo "1887"]

1. e4 c6 2. d4 d5 3. Nc3 g6 4. e5 Bg7 5. Nf3 Bg4 6. Be2 e6 7. O-O Nd7 8. Bg5 Qc7
9. b3 a6 10. Na4 b5 11. Nb2 c5 12. c3 h6 13. Bh4 Ne7 14. Bxe7 Kxe7 15. h3 Bxf3
16. Bxf3 c4 17. a4 Rhb8 18. axb5 axb5 19. bxc4 bxc4 20. Qe2 Ra7 21. Rxa7 Qxa7
22. Nxc4 dxc4 23. Qxc4 Kd8 24. Be4 Bf8 25. Qe2 Rc8 26. Qf3 Qa3 27. Qxf7 Qxc3 28.
d5 1-0

[Event "Gino's Game"]
[Site "http://www.queenalice.com/game.php?id=35400"]
[Date "2005.10.29"]
[Round "-"]
[White "Katasstrov"]
[Black "tbotoi"]
[Result "1/2-1/2"]
[WhiteElo "1743"]
[BlackElo "1911"]

1. e4 e5 2. Nf3 f5 3. Nxe5 Qf6 4. d4 d6 5. Nc4 fxe4 6. Nc3 Bf5 7. Nd5 Qd8 8. Be2
Nf6 9. Nde3 Bg6 10. Ng4 Nc6 11. O-O d5 12. Nce5 Nxg4 13. Nxg4 Bd6 14. c4 O-O 15.
cxd5 Ne7 16. Bc4 Kh8 17. Ne5 Bf7 18. Bg5 Qe8 19. Qg4 Nxd5 20. Nxf7+ Qxf7 21.
Qxe4 Qh5 22. h4 Nf6 23. Bxf6 Rxf6 24. g3 c6 25. Be2 Re8 26. Bxh5 Rxe4 27. Rae1
Rxd4 28. Re8+ Rf8 29. Rfe1 g6 30. Rxf8+ Bxf8 31. Bf3 Kg7 32. Re2 Bb4 1/2-1/2

[Event "Challenge"]
[Site "http://www.queenalice.com/game.php?id=41423"]
[Date "2005.12.4"]
[Round "-"]
[White "tbotoi"]
[Black "dnptrs"]
[Result "0-1"]
[WhiteElo "1856"]
[BlackElo "2015"]

1. e4 c5 2. Nf3 Nc6 3. d4 cxd4 4. Nxd4 Nf6 5. Nc3 g6 6. Be3 Bg7 7. f3 O-O 8. Qd2
a6 9. O-O-O Nxd4 10. Bxd4 b5 11. g4 d6 12. h4 b4 13. Na4 a5 14. h5 Bd7 15. Nb6
Rb8 16. Nxd7 Qxd7 17. hxg6 hxg6 18. Qh2 Rfd8 19. Bc4 Rbc8 20. Bxf6 exf6 21. Bd5
a4 22. Kb1 a3 23. b3 Qc7 24. Bc4 Qe7 25. Rd5 f5 26. gxf5 Qf6 27. e5 dxe5 28.
fxg6 e4 29. gxf7+ Kf8 30. c3 Qxc3 31. fxe4 Qa1+ 32. Kc2 Qxa2+ 0-1